10th General Assembly Colombo Proceedings (Record no. 5713)

MARC details
000 -LEADER
fixed length control field 00521nam a2200181 4500
005 - DATE AND TIME OF LATEST TRANSACTION
control field 20260311104628.0
008 - FIXED-LENGTH DATA ELEMENTS--GENERAL INFORMATION
fixed length control field 170315b xxu||||| |||| 00| 0 eng d
020 ## - INTERNATIONAL STANDARD BOOK NUMBER
International Standard Book Number 9556131000
041 ## - LANGUAGE CODE
Language code of accompanying material other than librettos ENG
082 ## - DEWEY DECIMAL CLASSIFICATION NUMBER
Classification number 930.1
Item number GEN
245 ## - TITLE STATEMENT
Title 10th General Assembly Colombo Proceedings
260 ## - PUBLICATION, DISTRIBUTION, ETC. (IMPRINT)
Place of publication, distribution, etc. Colombo:
Name of publisher, distributor, etc. ICOMOS, Central Cultural Fund Publication
Date of publication, distribution, etc. 1993.
300 ## - PHYSICAL DESCRIPTION
Extent 171p,
Dimensions 29cm
700 ## - ADDED ENTRY--PERSONAL NAME
Personal name Bandaranayake, Senake
9 (RLIN) 2202
700 ## - ADDED ENTRY--PERSONAL NAME
Personal name Alwis,Lakshman
9 (RLIN) 4069
700 ## - ADDED ENTRY--PERSONAL NAME
Personal name Silva, Nimal de
9 (RLIN) 4070
Relator term Com:
942 ## - ADDED ENTRY ELEMENTS (KOHA)
Source of classification or shelving scheme Dewey Decimal Classification
Koha item type Books
Holdings
Lost status Source of classification or shelving scheme Damaged status Not for loan Home library Current library Date acquired Inventory number Total Checkouts Full call number Barcode Date last seen Copy number Price effective from Koha item type
0 Dewey Decimal Classification No   Nagananda International Institute for Buddhist Studies(NIIBS) Nagananda International Institute for Buddhist Studies(NIIBS) 11/03/2026 09428   930.1 GEN 09428 11/03/2026 09428 11/03/2026 Books